Statistiques concernant Les 99 Noms d'Allah

Cliquez ici pour prendre le quiz!

Statistiques générales

  • Ce quiz a été pris 38 fois
  • Le résultat moyen est 8 sur 99

Statistiques - réponses

HintRéponse% Correct
1AllahAllah
97%
3Le Très MiséricordieuxAr-Rahim
47%
2Le Tout MiséricordieuxAr-Rahman
47%
70Le SouverainAl-Malik
28%
71Le Maître SuprêmeAl-Mâlik
28%
72Le Souverain OmnipotentAl-Malîk
28%
98L'UniqueAl-Ahad
25%
64Le GrandAl-Kabir
25%
27Le Sage par excellenceAl-Hakim
19%
25Celui qui sait toutAl-'Alim
16%
61Le Tout-PuissantAl-'Aziz
16%
5Le PardonneurAl-Ghafûr
16%
12Le GénéreuxAl-Karim
16%
53Le CréateurAl-Khaliq
16%
46Le RassurantAl-Mu'min
16%
63L'OrgueilleuxAl-Mutakabbir
16%
74Le SanctifiéAl-Quddus
16%
97L'UniqueAl-Wahid
16%
96Le Seul à être imploré pour nos besoinAs-Samad
16%
6Le Grand PardonneurAl-Ghaffâr
13%
62Le ContraignanyAl-Jabbar
13%
60Le PrévenantAl-Muhaymin
13%
55Celui qui donne formeAl-Mussawwir
13%
59Le Dominateur suprêmeAl-Qahhar
13%
67Celui qui subsiste par Lui-mêmeAl-Qayyum
13%
21Le Grand PourvoyeurAr-Razzaq
13%
75L'Exempt de tout défautAs-Salam
13%
37Celui qui entend toutAs-Sami'
13%
54L'InitiateurAl-Bari'
9%
89Celui qui étend (Ses faveurs)Al-Basit
6%
93Le CachéAl-Batin
6%
8L'IndulgentAl-Halim
6%
34Le Digne de louangesAl-Hamid
6%
76Le VraiAl-Haqq
6%
45Celui qui tient les comptesAl-Hassib
6%
22Le SubtilAl-Latif
6%
32Le MajestieuxAl-Majid
6%
79L'InébranlableAl-Matin
6%
80Le Capable de toute choseAl-Qâdir
6%
81Celui qui est Capable de toutAl-Qadîr
6%
16L'AffectueuxAl-Wadud
6%
14Celui qui donne sans compterAl-Wahhab
6%
4Le Grand PardonneurAl 'Affuw
3%
91Le DernierAl-Akhir
3%
90Le PremierAl-Awwal
3%
26Le CharitableAl-Barr
3%
38Celui qui voit toutAl-Basir
3%
11Le RicheAl-Ghaniy
3%
31Le BeauAl-Jamil
3%
23Le Parfaitement ConnaisseurAl-Khabir
3%
52Le Grand CréateurAl-Khallaq
3%
99Celui qui est adoré (La Divinité)Al-llah
3%
19Le BienfaiteurAl-Muhsin
3%
44Le Nourrisseur par excellenceAl-Muqit
3%
82Celui qui fixe la mesure de toute choseAl-Muqtadir
3%
84Le TranscendantAl-Muta'âl
3%
42Le ProcheAl-Qarib
3%
51Le Garant par excellenceAl-Wakil
3%
68Celui vers qui tout retourneAl-Warith
3%
18Le Détenteur des largessesAl-Wasi'
3%
56Le SeigneurAr-Rabb
3%
95Le Maître suprêmeAs-Sayyid
3%
66Le VivantHayy
3%
49Celui qui guéritAch-Chafiy
0%
39Le Témoin de toute choseAch-Chahid
0%
29Le ReconnaissantAch-Chakir
0%
30Le Très ReconnaissantAch-Chakur
0%
69Le Souverain JugeAd-Dayyan
0%
13Le Généreux par excellenceAl-Akram
0%
83Le Très HautAl-'Aliyy - Al-A'lâ
0%
57L'ImmenseAl-'Azhim
0%
24L'OctroyeurAl-Farrah
0%
50Le GardienAl-Hafizh
0%
28Le JugeAl-Hakam
0%
65Le PudiqueAl-Hayyiy
0%
15Le Grand BienfaiteurAl-Jawad
0%
47L'Excellent DonateurAl-Mannan
0%
35Le MaitreAl-Mawla
0%
86Celui qui retardeeAl-Mu'akh-khir
0%
77L"EvidentAl-Mubin
0%
43Celui qui exauce les invocationsAl-Mujid
0%
85Celui qui fait avancerAl-Muqaddim
0%
87Celui qui fixe les valeursAl-Musa'ir
0%
17Le Grand DonateurAl-Mu'tiyy
0%
88Celui qui restreint (Ses faveurs)Al-Qâbidh
0%
58Le DominateurAl-Qahir
0%
78Le PuissantAl-Qawiyy
0%
33Le Maitre ou l'AlliéAl-Waliy
0%
94L'ImpairAl-Witr
0%
36Le Grand DéfenseurAn-Nasir
0%
41Le BienveillantAr-Rafiq
0%
40L'Observateur suprêmeAr-Raqib
0%
7Le ClémentAr-Ra'ûf
0%
20Le PourvoyeurAr-Raziq
0%
10Celui qui couvreAS-Sitir
0%
73Le Digne de GlorificationAs-Subbuh
0%
9L'Accueillant au repentirAt-Tawwab
0%
48Le BonAt-Tayyib
0%
92L'ApparentAzh-Zhahir
0%

Distribution des résultats

Percentile par nombre de réponses

% des personnes avec chaque résultat

Votre développement - résultats

Vous n’avez pas pris ce quiz